Targeta de la Galeria Trece
Descripción Física:
targeta de visita ; 9 x 13 cm
Otros Autores:
Junyer, Joan, 1904-1994
Materias:
Junyer, Joan, -- 1904-1994 -- Exposicions
; Fons Joan Junyer i Pascual (1909-1994)
; Art -- Exposicions
Idioma:
Catalán , Español
MARC
| LEADER | 00000nam a2200000 a 4500 | ||
|---|---|---|---|
| 001 | 29191 | ||
| 003 | AGDB | ||
| 005 | 20260324181542.0 | ||
| 008 | 251224b spa||||| |||| 00| 0 cat d | ||
| 040 | |a agdb |b cat | ||
| 041 | |a spa | ||
| 245 | |a Targeta de la Galeria Trece | ||
| 260 | |a Barcelona : |b Galeria Trece, |c [1980?] | ||
| 300 | |a targeta de visita ; |c 9 x 13 cm | ||
| 380 | |a Targeta | ||
| 500 | |a Prové del fons Joan Junyer i Pascual (1909-1994) | ||
| 500 | |a Targeta de visita de la Galeria Trece, Barcelona, amb un escrit a màquina: La exposición de Joan Junyer ha sido prorrogada hasta el 22 de Noviembre | ||
| 600 | 0 | |a Junyer, Joan, |d 1904-1994 |v Exposicions |9 72867 | |
| 650 | |a Fons Joan Junyer i Pascual (1909-1994) |9 72777 | ||
| 650 | 0 | |a Art |x Exposicions |2 Arxiu |9 43798 | |
| 700 | |a Junyer, Joan, |d 1904-1994 |9 53028 | ||
| 710 | |a Galeria Trece (Barcelona, Catalunya) |9 72905 | ||
| 942 | |2 udc |c ARXIU |n 1 | ||
| 952 | |0 0 |1 0 |2 udc |4 0 |6 F504283 |7 1 |9 98872 |a Arxiu |b Arxiu |d 2025-12-23 |l 0 |o F-504-283 |p 29191 |r 2025-12-24 11:00:49 |w 2025-12-23 |y ARXIU | ||
| 999 | |c 130540 |d 130540 | ||